| 000 | 00739nam a2200253 i 4500 | ||
|---|---|---|---|
| 001 | 9673 | ||
| 003 | ES-MaACL | ||
| 005 | 20250911062632.0 | ||
| 007 | t| | ||
| 008 | 931119s1993 sp ||||1| spa d | ||
| 020 | _a84-233-2253-X | ||
| 080 | _a008"19" | ||
| 100 | 1 |
_aArgullol, Rafael. _922731 |
|
| 245 | 1 | 3 |
_aEl Cansancio de occidente _b: una conversación / _cRafael Argullol, Eugenio Trías. |
| 250 | _a[4ª ed.]. | ||
| 260 |
_aBarcelona : _bDestino, _c1993. |
||
| 300 |
_a117 p. ; _c20 cm. |
||
| 490 | 1 |
_aAncora y delfín ; _v699 |
|
| 650 | 1 | 4 |
_aCivilización- _yS.XX. _911085 |
| 700 | 1 |
_aTrías, Eugenio. _9111368 |
|
| 830 | 0 | 0 |
_aÁncora y Delfín _v699 _9151298 |
| 852 |
_aES-MaACL _jL-17041 _bR.121537 |
||
| 999 |
_c9673 _d9673 |
||